000 01034nam0a22002771 4500
001 RU\NLR\INFOCOMM_36\5000227575
005 20250613100944.0
035 _a(NLR Aleph) 009367401
090 _a7900432
_c7900432
100 _a20101213d1967 |||y0rusy50 ca
101 0 _aeng
102 _aRU
105 _ay ||||000|y
200 1 _aCombustion of mineral fuel as a source of air pollution
_fR. S. Gildenskjold
_gUSSR. Min. of public health. Central inst. for advanced med. studies. World health organisation. Interregional travelling seminar of air pollution
210 _aM.
_d1967
215 _a[1], 19 с.
_d20 см
309 _aОтпеч. множит. аппаратом
686 _aМе2-205
_2rubbk
700 1 _9z01790
_aGil'denskiol'd
_bR. S.
_4070
712 0 2 _aWorld health organisation
_bInter-regional travelling seminar on air pollution
_f1967
_4570
790 1 _9z01700
_aGildenskjold
_bR. S.
_4070
801 1 _aRU
_bNLR
_c20101213
801 0 _aRU
_bNLR
_gPSBO
852 _aNLR
_jМд97 Д-4/77
942 _cBOOK
980 _aNB